Loading...

High volume air sampler envirotech APM415-411: instruction manual

Bibliografiske detaljer
Format: Printed Book
Udgivet: New Delhi, Veyu Bodhan Upkaran
Fag:
LEADER 005620000a22001570004500
082 |a 628.53 VEY 
245 |a High volume air sampler envirotech APM415-411: instruction manual 
260 |a New Delhi, Veyu Bodhan Upkaran 
650 |a Air pollutiion  |9 137400 
650 |a Countermeasures  |9 131921 
650 |a Envirotech  |9 137401 
650 |a Pollution  |9 137402 
650 |a Sanitation engineering  |9 137403 
942 |c BK 
999 |c 177448  |d 177444 
952 |0 0  |1 0  |4 0  |6 628_530000000000000_VEY  |7 0  |9 175883  |a SES  |b SES  |d 2019-05-16  |l 0  |o 628.53 VEY  |p SES00384  |r 2019-05-16  |w 2019-05-16  |y BK